Statistics for Superman IV: The Quest for Peace Characters Quiz

Click here to take the quiz!

General Stats

  • This quiz has been taken 17 times
  • The average score is 5 of 6

Answer Stats

Actor/ActressDescriptionCharacter% Correct
Christopher ReeveAfter discovering his origins in the earlier films, he sets himself to helping those on EarthClark Kent / Superman
100%
Marc McClureA photographer for the Daily PlanetJimmy Olsen
94%
Gene HackmanA power-mad American billionaire, business magnate, inventor, scientist, philanthropist to the city of Metropolis, and one of the most intelligent people in the worldLex Luthor
94%
Margot KidderA reporter at the Daily Planet who has a history with both Clark Kent and SupermanLois Lane
94%
Jackie CooperThe editor of the Daily PlanetPerry White
94%
Jon CryerLex Luthor's sonLenny Luthor
69%

Score Distribution

Percentile by Number Answered

Percent of People with Each Score

Your Score History

You have not taken this quiz